| 000 | 00928nmc a2200301 a 4500 | ||
|---|---|---|---|
| 003 | AR-BaBNM | ||
| 005 | 20251128205758.0 | ||
| 008 | 168019s1997 ||||||||||||||000 | spa|| | ||
| 020 | _a950-724-512-X | ||
| 040 | _cAR-BaBNM | ||
| 100 | 1 | _aHemsy de Gainza, Violeta | |
| 245 | 1 | 0 | _aEzequiel Ander-Egg dialoga con Violeta H. de Gainza |
| 260 |
_aBuenos Aires _bLumen _c1997 |
||
| 300 | _a96 p. | ||
| 490 | 0 |
_aLa Música y la Educación en los umbrales del siglo XXI. Puentes hacia la Comunicación Musical _vv. 1 |
|
| 500 | _aIndice temático: p. 89-91 | ||
| 504 | _aBibliografía: p. 93-94 | ||
| 610 | 2 | 4 | _aForo Latinoamericano de Educación Musical |
| 650 | 4 | _aEDUCACION ARTISTICA | |
| 650 | 4 | _aEDUCACION MUSICAL | |
| 650 | 4 | _aINTERDISCIPLINARIEDAD | |
| 650 | 4 | _aPEDAGOGIA | |
| 650 | 4 | _aEDUCACION ESTETICA | |
| 653 | _aREFORMA EDUCATIVA | ||
| 700 | 1 | _aAnder-Egg, Ezequiel | |
| 942 | _cBK | ||
| 998 | _carturo | ||
| 999 |
_c12781 _d12781 |
||